000 00363nam a2200145Ia 4500
008 230711s9999||||xx |||||||||||||| ||und||
041 _aENG
082 _a677
_bSH-C
100 _aShenai,V.A
245 0 _aChemistry of organic textile chemical
250 _a1st Ed.
260 _c1991
_aNew Delhi
_bSevak Publication
650 _aTextile Engineering
942 _cBK
999 _c3492
_d3492